Campesinos en la ciudad: bases agrarias de la polis y la infantería hoplita

שמור ב:
מידע ביבליוגרפי
מחבר ראשי: Gallego, Julián (Author)
פורמט: ספר
שפה:ספרדית
יצא לאור: Buenos Aires, Argentina Del Signo 2005
סדרה:Colección Razón Política
נושאים:
תגים: הוספת תג
אין תגיות, היה/י הראשונ/ה לתייג את הרשומה!

MARC

LEADER 00000nam a2200000 a 4500
001 UCJ0628
003 CL-VaPUC
005 20201104130712.0
008 060825e20050000AG |||||||||||||||||spa|d
999 |c 317393  |d 317391 
020 |a 9871074336 
040 |c Pontificia Universidad Católica de Valparaíso 
082 0 4 |a 930 GAL 2005  |2 21 
100 |a Gallego, Julián  |e author  |9 584869 
245 1 0 |a Campesinos en la ciudad:  |b  bases agrarias de la polis y la infantería hoplita 
260 |a Buenos Aires, Argentina  |b Del Signo  |c 2005 
300 |a 211 páginas 
490 0 |a Colección Razón Política 
583 |a last modification  |c 20140408 09:16:23  |k Rodrigo Vera 
650 0 |a Historia antigua  |z GRECIA  |z ROMA  |9 267521 
650 7 |a TRABAJO Y EMPLEO  |2 CL-VaPUC  |9 500842 
650 7 |a CAMPESINOS  |2 CL-VaPUC  |9 315355 
942 |c BK  |2 ddc 
945 |d 20060825 00:00:00  |a jtorresc 
952 |0 0  |1 0  |2 ddc  |4 0  |6 930_000000000000000_GAL_2005  |7 0  |8 A  |9 393734  |a BIBHIS  |b BIBHIS  |d 2019-11-22  |i 4261992  |l 2  |o 930 GAL 2005  |p 4261992  |r 2025-01-20  |s 2023-06-23  |t 1  |w 2019-11-22  |y BK  |k HIS